000 00544nam a2200181 a 4500
001 000013955
005 20200929163421.0
008 091202s1986 xxu 000 0 spa d
020 _a0313249997
040 _aDO-SdBNP
_bspa
_cBNPHU
041 1 7 _aeng
100 1 _aGabriel, Ralph Henry,
_d1890-1987.
_931617
245 1 4 _athe course of american democratic thought /
_cRalph Henry Gabriel.
250 _a3a. ed.
260 _aNew York :
_bGreenwood Press,
_c1986.
300 _aa xiv, 508 p. ;
_c24 cm.
504 _aBibliografía : p. (487-493.)
999 _c13559
_d13559